00624 a2200181 4500003000500000005001700005040000900022082001000031245006500041260002600106300001000132505011700142538003200259650001800291942001200309999001900321952010200340Nust20170207154214.0 cNust a378.4 aProspecstus 2001 cRoyal Scottish Academy of Music and Drama aScotlandbRSAMDc2001 a43 P. aMission Statement (page-2) The School of Music (page-8) The School of Drama (page-24) Student Services (page-44) aAlmirah No. 117 shelf No. 2 aUG Prospectus 2ddccBK c194999d194999 00102ddc40708NFICaMCSbMCSd2016-12-12l0o378.4 ROYpMCSPS-81r2016-12-08w2016-12-12yBK